Veterans and Dependents of Spanish-American War : hearings before the United States House Committee on Veterans Affairs, Subcommittee on Spanish War, Eighty-Third Congress, second session, on Apr. 9, 1954.

Considers (83) H.R. 4667, (83) H.R. 5140, (83) H.R. 5143, (83) H.R. 5311, (83) H.R. 7112, (83) H.R. 7436, (83) H.R. 8721, (83) H.J. Res. 471, (83) H.J. Res. 477, (83) H.J. Res. 480, (83) H.J. Res. 490.

Bibliographic Details
Corporate Authors: United States. Congress. House. Committee on Veterans' Affairs. Subcommittee on Spanish War, ProQuest (Firm)
Format: Government Document eBook
Language:English
Published: Washington : U.S. G.P.O., 1954.
Series:U.S. Congressional Hearings.
Subjects:
Online Access:Connect to the full text of this electronic book

MARC

Tag First Indicator Second Indicator Subfields
LEADER 00000cam a22000001a 4500
001 in00003182206
006 m d f
007 cr bn mmmapmmp
008 090617s1954 dcu o f000 0 eng d
005 20260504200827.2
035 |a cis2007422235 
040 |a UMI  |c UMI  |d UtOrBLW 
043 |a n-us--- 
086 0 |a Y 4.V 64/3:Sp 2/4 
099 |a HRG-1954-VAH-0009 
110 1 |a United States.  |b Congress.  |b House.  |b Committee on Veterans' Affairs.  |b Subcommittee on Spanish War. 
245 1 0 |a Veterans and Dependents of Spanish-American War :  |b hearings before the United States House Committee on Veterans Affairs, Subcommittee on Spanish War, Eighty-Third Congress, second session, on Apr. 9, 1954. 
264 1 |a Washington :  |b U.S. G.P.O.,  |c 1954. 
300 |a 1 online resource. 
336 |a text  |b txt  |2 rdacontent 
337 |a computer  |b c  |2 rdamedia 
338 |a online resource  |b cr  |2 rdacarrier 
500 |a Record is based on bibliographic data in ProQuest Congressional Hearings Digital Collection. Reuse except for individual research requires license from ProQuest, LLC. 
520 |a Considers (83) H.R. 4667, (83) H.R. 5140, (83) H.R. 5143, (83) H.R. 5311, (83) H.R. 7112, (83) H.R. 7436, (83) H.R. 8721, (83) H.J. Res. 471, (83) H.J. Res. 477, (83) H.J. Res. 480, (83) H.J. Res. 490. 
538 |a System requirements: PDF reader software. 
500 |a Electronic resource. 
650 0 |a Old age assistance  |z United States. 
650 0 |a Military pensions  |z United States. 
650 0 |a Survivors' benefits  |z United States. 
655 7 |a Electronic books.  |2 local 
710 2 |a ProQuest (Firm) 
776 0 8 |i Print version:  |a United States. Congress. House. Committee on Veterans' Affairs. Subcommittee on Spanish War.  |t Veterans and Dependents of Spanish-American War 
776 0 8 |i Microfiche version:  |a United States. Congress. House. Committee on Veterans' Affairs. Subcommittee on Spanish War.  |t Veterans and Dependents of Spanish-American War.  |d [Bethesda, Md.] : ProQuest,[2004]  |o CIS Hrgs MF Gp 3--(83) H1478-4  |w (ProQuest)cis10600692 
830 0 |a U.S. Congressional Hearings. 
856 4 0 |u http://proxy.library.tamu.edu/login?url=https://congressional.proquest.com/congcomp/getdoc?HEARING-ID=HRG-1954-VAH-0009  |z Connect to the full text of this electronic book  |t 0 
998 |a cis10600692 
999 |a MARS 
999 f f |s 26bddfe5-3663-34d9-b4e1-1a2dfedf3c2c  |i 3eec3c66-a4a6-3d00-877b-de98ce1b59cf  |t 0 
952 f f |a Texas A&M University  |b College Station  |c Electronic Resources  |s www_evans  |d Available Online  |t 0  |e HRG-1954-VAH-0009  |h Other scheme 
998 f f |a HRG-1954-VAH-0009  |t 0  |l Available Online